Province Italiane per Confini in 90 secondi - Statistics

Statistiche generali
  • Questo quiz è stato fatto 367 volte
  • Il punteggio medio è 95 su 107
Risposte nella Mappa
Le risposte nella mappa del quiz sottostante sono codificate secondo una scala di colori dal rosso al verde in base alla % di persone che hanno risposto correttamente.
 
Statistiche sulle risposte
Risposta % Corretto
Siena
99%
Torino
98%
Bergamo
97%
Cremona
97%
Cuneo
97%
Pavia
97%
Pistoia
97%
Vercelli
97%
Aosta
96%
Asti
96%
Biella
96%
Bologna
96%
Alessandria
96%
Rieti
96%
Firenze
96%
Frosinone
96%
L'Aquila
96%
Lodi
96%
Milano
96%
Monza e della Brianza
96%
Novara
96%
Roma
96%
Sondrio
96%
Trento
96%
Varese
96%
Pisa
95%
Savona
95%
Viterbo
95%
Arezzo
94%
Belluno
94%
Bolzano/Bozen
94%
Brescia
94%
Ravenna
94%
Latina
94%
Lucca
94%
Modena
94%
Prato
94%
Benevento
93%
Avellino
93%
Perugia
93%
Matera
93%
Piacenza
93%
Pordenone
93%
Potenza
93%
Venezia
93%
Verona
93%
Vicenza
93%
Genova
92%
Taranto
92%
Udine
92%
Bari
91%
Ferrara
91%
Pesaro e Urbino
91%
Brindisi
90%
Cosenza
90%
Enna
90%
Messina
90%
Napoli
90%
Palermo
90%
Ancona
89%
Barletta-Andria-Trani
89%
Caserta
89%
Catania
89%
Foggia
89%
Forlì-Cesena
89%
Macerata
89%
Salerno
89%
Catanzaro
88%
Padova
88%
Caltanissetta
87%
Gorizia
87%
La Spezia
87%
Rovigo
87%
Treviso
87%
Campobasso
85%
Chieti
85%
Imperia
85%
Agrigento
84%
Mantova
84%
Crotone
83%
Parma
83%
Sud Sardegna
83%
Terni
83%
Grosseto
82%
Pescara
82%
Reggio Emilia
82%
Ascoli Piceno
81%
Reggio Calabria
81%
Trapani
81%
Vibo Valentia
81%
Livorno
80%
Massa-Carrara
80%
Nuoro
80%
Oristano
80%
Teramo
80%
Isernia
79%
Lecce
79%
Sassari
79%
Cagliari
78%
Como
77%
Ragusa
76%
Lecco
75%
Siracusa
73%
Trieste
68%
Verbano-Cusio-Ossola
64%
Rimini
64%
Fermo
51%
Nessun quiz corrispondente trovato
Distribuzione punteggi
Percentuale di utenti per punteggio
Percentile per numero di risposta
I tuoi punteggi nel tempo
Non hai fatto questo quiz